Charlando sobre nuestra sexualidad en la escuela de hoy
Saved in:
| Main Authors: | , |
|---|---|
| Format: | Book |
| Language: | Spanish |
| Published: |
Buenos Aires
Troquel
1995
|
| Edition: | 1a. ed |
| Series: | Educación sexual
|
| Subjects: | |
| Tags: |
Add Tag
No Tags, Be the first to tag this record!
|
MARC
| LEADER | 00000nam a2200000 a 4500 | ||
|---|---|---|---|
| 001 | UCH8110 | ||
| 003 | CL-VaPUC | ||
| 008 | 091127e19950000AG |||||||||||||||||spa|d | ||
| 020 | |a 9501664910 | ||
| 082 | 0 | 4 | |a 305.23 |b WEI |2 21 |
| 100 | 0 | |a Weiss, Martha |e author |9 544532 | |
| 700 | 0 | |a Greco, María Beatriz |e author |9 544533 | |
| 245 | 1 | 0 | |a Charlando sobre nuestra sexualidad en la escuela de hoy |
| 250 | |a 1a. ed | ||
| 300 | |a 156 p | ||
| 942 | |c BK | ||
| 945 | |d 20091127 00:00:00 |a ccalabra | ||
| 260 | |a Buenos Aires |b Troquel |c 1995 | ||
| 650 | 0 | |a Educación sexual |9 308005 | |
| 650 | 0 | |a Juventud |9 271073 | |
| 650 | 0 | |a Padres e hijos |9 307753 | |
| 583 | |a last modification |c 20170726 05:46:10 |k Rodrigo Vera | ||
| 490 | 0 | |a Educación sexual | |
| 999 | |c 338353 |d 338351 | ||